A meta-analysis of infant habituation and recognition memory performance as predictors of later IQ (Record no. 61647)
[ view plain ]
| 000 -CABECERA | |
|---|---|
| campo de control de longitud fija | 00673nam a2200241 a 4500 |
| 005 - FECHA Y HORA DE LA ÚLTIMA TRANSACCIÓN | |
| campo de control | 20210219152821.0 |
| 008 - ELEMENTOS DE LONGITUD FIJA--INFORMACIÓN GENERAL | |
| campo de control de longitud fija | 991125n 000 0 eng u |
| 035 ## - NÚMERO DE CONTROL DEL SISTEMA | |
| Número de control de sistema | UPN01000062315 |
| 100 ## - ASIENTO PRINCIPAL--NOMBRE PERSONAL | |
| Nombre de persona | McCall, Robert B. |
| 222 ## - TÍTULO CLAVE | |
| Título clave | CHILD DEVELOPMENT |
| 245 ## - MENCIÓN DE TÍTULO | |
| Título | A meta-analysis of infant habituation and recognition memory performance as predictors of later IQ |
| 300 ## - DESCRIPCIÓN FÍSICA | |
| Extensión | 57-79 |
| 362 ## - FECHAS DE PUBLICACIÓN Y/O DESIGNACIÓN SECUENCIAL | |
| Fecha de publicación y/o designación secuencial | 1993 64, no. 1 |
| 653 0# - TERMINO DE INDIZACION - NO CONTROLADO | |
| Término no controlado | COEFICIENTE INTELECTUAL |
| 653 0# - TERMINO DE INDIZACION - NO CONTROLADO | |
| Término no controlado | HABITUAR |
| 653 0# - TERMINO DE INDIZACION - NO CONTROLADO | |
| Término no controlado | INFANTES |
| 653 0# - TERMINO DE INDIZACION - NO CONTROLADO | |
| Término no controlado | MEMORIA |
| 653 0# - TERMINO DE INDIZACION - NO CONTROLADO | |
| Término no controlado | PREDICCION |
| 653 0# - TERMINO DE INDIZACION - NO CONTROLADO | |
| Término no controlado | RECONOCER (PSICOLOGIA) |
| 700 ## - ASIENTO SECUNDARIO--NOMBRE DE PERSONAL | |
| Nombre de persona | Carriger, Michael S. |
| 904 ## - ELEMENTOS DE DATOS D LOCAL, LDD (RLIN) | |
| a | AC |
| b | 000126 |
| 905 ## - TIPO DE MATERIAL | |
| Tipo de material | Articulo |
No items available.
